Sastrecillo valiente / (Registro nro. 14719)

Detalles MARC
000 -LIDER
fixed length control field 00829cam a2200289 i 4500
001 - NÚMERO DE CONTROL
Identificador de número de control 0000449
003 - IDENTIFICACDOR DE NÚMERO DE CONTROL
control field DO-SdBNP
005 - DATE AND TIME OF LATEST TRANSACTION
control field 20240705105655.0
007 - CAMPOS FIJOS DE DESCRIPCIÓN FÍSICA
fixed length control field 0000449
008 - ELEMENTOS DE LONGITUD FIJA
fixed length control field 100514s2007 ch | 000 f spa
015 ## - NÚMERO DENTRO DE LA BIBLIOGRAFÍA NACIONAL
National bibliography number
017 ## - NÚMERO DE REGISTRO DE DERECHOS DE AUTOR
Copyright or legal deposit number
Assigning agency
020 ## - ISBN
International Standard Book Number 9997220927X
035 ## - NÚMERO LOCAL
System control number
040 ## - FUENTE DE CATALOGACIÓN
Agencia que crea de manera original el registro BPMSU
Idioma de catalogación spa
Agencia que realiza la transcripción BPMSU
Convenciones de la despripción
080 ## - NÚMERO DE CLASIFICACIÓN DECIMAL UNIVERSAL
Universal Decimal Classification number
082 #4 - NÚMERO DE CLASIFICACIÓN DECIMAL DE DEWEY
Classification number 833.7
Item number S252v 2007
Edition number 22
245 00 - MENCIÓN DE TITULO
Título Sastrecillo valiente /
Mención de responsabilidad [Jacob y Wilhelm Grimm] ; adaptación de Lexus Editores
260 ## - PUBLICACIÓN, DISTRIBUCIÓN, ETC. (PIE DE IMPRENTA)
Lugar de publicación, distribución, etc China :
Nombre del editor, distribuidor, etc. Lexus,
Fecha de publicación, distribución, etc 2007
Fecha de impresión
300 ## - DESCRIPCIÓN FÍSICA
Extensión Varias paginaciones .:
Otros detalles físicos il.;
Dimensiones 21 cm
650 #4 - ENCABEZAMIENTO DE MATERIA--TEMÁTICO
Término temático o nombre geográfico como elemento de entrada Novela infantil alemana
650 #4 - ENCABEZAMIENTO DE MATERIA--TEMÁTICO
Término temático o nombre geográfico como elemento de entrada Valentía
Subdivisión de forma Novela infantil
700 1# - ASIENTO SECUNDARIO -- NOMBRE PERSONAL
Nombre personal [Grimm, Jacob Ludwig Karl,
Fechas asociadas con el nombre 1785-1863.
Título de una obra El Sastrecillo valiente ]
710 2# - ASIENTO SECUNDARIO -- NOMBRE CORPORATIVO
Nombre corporativo o de jurisdicción Lexus
910 ## - VALIDACIÓN
Validación VMateo V. Control de caldiad. BPMSU
942 ## - ADDED ENTRY ELEMENTS (KOHA)
Source of classification or shelving scheme Dewey Decimal Classification
Koha item type Libros
Existencias
Withdrawn status Lost status Source of classification or shelving scheme Damaged status Not for loan Collection code Home library Current library Date acquired Total Checkouts Full call number Barcode Date last seen Price effective from Koha item type
    Dewey Decimal Classification     Colección General Biblioteca Pública Metropolitana Salomé Ureña Biblioteca Pública Metropolitana Salomé Ureña 07/05/2024   BPMSU CGI 833.7 S252v 2007 BPMSU24070027 07/05/2024 07/05/2024 Libros